00516cam a22001692 4500001001100000005001700011008004100028020001700069040001500086100006200101245006500163250001300228260003600241300002700277650003900304852000300343000002331120151217155233.0121109s xx 000 0 eng d a0071221481 : aKABUcKABU1 aFeldman, Robert S.q(Robert Stephen),d1947-.@000008371010aEssentials of understanding psychology /cRobert S. Feldman. a9th ed. aNew York :bMcGraw-Hill,c2011. a1 v. (various pagings) 0aPsychologyvTextbooks.@00001480561